TOP 10 Smallest Countries in North America - Statistics

General Stats
  • This quiz has been taken 350 times
  • The average score is 8 of 10
Answer Stats
size in km2 Country % Correct
751 Dominica
88%
430 Barbados
87%
261 Saint Kitts and Nevis
87%
13,943 Bahamas
86%
10,991 Jamaica
86%
539 Saint Lucia
85%
5,130 Trinidad and Tobago
85%
442 Antigua and Barbuda
82%
344 Grenada
82%
389 Saint Vincent and the Grenadines
82%
No matching quizzes found
Score Distribution
Percent of People with Each Score
Percentile by Number Answered
Your Score History
You have not taken this quiz